MARC

LEADER 00000nam0a2200000 4500
001 306560
005 20231102001915.0
035 |a (RuTPU)RU\TPU\book\331837 
090 |a 306560 
100 |a 20151008d1982 k y0rusy50 ca 
101 0 |a rus 
102 |a UZ 
105 |a a z 001zy 
200 1 |a Расчет и прогнозирование абразивного износа  |f У. Икрамов, К. Х. Махкамов 
210 |a Ташкент  |c Фан  |d 1982 
215 |a 148 с.  |c ил. 
320 |a Библиогр.: с. 141-147 
606 |a Износ  |2 stltpush  |3 (RuTPU)RU\TPU\subj\12279  |9 39092 
610 1 |a расчет 
610 1 |a прогнозирование 
610 1 |a детали машин 
610 1 |a машины 
610 1 |a абразивные частицы 
610 1 |a взаимодействие 
610 1 |a трение 
610 1 |a абразивная износостойкость 
610 1 |a прогнозирование 
675 |a 539.5  |v 4 
700 1 |a Икрамов  |b У.  |g Уткур 
701 1 |a Махкамов  |b К. Х.  |g Кабул Хамдамович 
712 0 2 |a Ташкентский политехнический институт им. А. Б. Беруни (ТашПИ)  |2 stltpush  |3 (RuTPU)RU\TPU\col\6741 
801 1 |a RU  |b 63413507  |c 20151008 
801 2 |a RU  |b 63413507  |c 20181004  |g RCR 
942 |c BK